00493nam a2200157Ia 4500008004100000020001800041041000800059082001600067100001900083245004000102250001000142260003100152300001000183999001900193952012300212230627s9999 xx 000 0 und d a81-7177-172-6 aeng a347.01bMAL aMallick , M.R. aCivil Court :practice And Procedure a13ed. bEastern Book Companyc2010 a2722p c697100d697100 001040708LLBaNLPbNLPcNLP-10d2011-03-31g1290.00l0o347.01 MALpNLP-N28502r2023-07-17 00:00:00w2023-07-17yBK